00456nam a2200181Ia 4500003000400000005001700004008004100021020001400062040000700076041000800083082001900091100002400110245003500134260006000169300002000229365000800249650001700257OSt20230504094058.0210423s1980 xx 000 0 und d a444801464 cAL aeng a574.19293 BERL aBERGELSON (L D) Ed. aLipid biochemical preparations aNew YorkbElsevier North Holland Biomedical Pressc1980 axvii,306bBound cINR aBiochemistry